Sardar Vallabhbhai Patel : (Record no. 103440)

MARC details
000 -LEADER
fixed length control field 00617nam a22001937a 4500
005 - DATE AND TIME OF LATEST TRANSACTION
control field 20160919151217.0
010 ## - LCCN (DPL NO)
LC control number ENG-116010
020 ## - INTERNATIONAL STANDARD BOOK NUMBER
International Standard Book Number 9788126920891
Terms of availability 895.00
035 ## - SYSTEM CONTROL NUMBER
System control number EN-99542
037 ## - SOURCE OF ACQUISITION
Source of stock number/acquisition DBAD/PUB
082 ## - DEWEY DECIMAL CLASSIFICATION NUMBER
Classification number 921
100 ## - MAIN ENTRY--PERSONAL NAME
Personal name K.R. Gupta
245 ## - TITLE STATEMENT
Title Sardar Vallabhbhai Patel :
Statement of responsibility, etc by K.R. Gupta ; foreword by Anandiben Patel
Remainder of title a far-sighted luminary of India /
250 ## - EDITION STATEMENT
Edition statement 7th ed
260 ## - PUBLICATION, DISTRIBUTION, ETC. (IMPRINT)
Place of publication, distribution, etc New Delhi
Name of publisher, distributor, etc Atlantic Publishers & Distributors
Date of publication, distribution, etc 2016
270 ## - ADDRESS
Address 7/22, Ansari Road, Darya Ganj,
City New Delhi
Postal code 110002
300 ## - PHYSICAL DESCRIPTION
Extent 419p.
Dimensions 22cm(pbk)
942 ## - ADDED ENTRY ELEMENTS (KOHA)
Source of classification or shelving scheme Dewey Decimal Classification
Item type English Books
Classification part 921
Call number suffix PAT
Holdings
Withdrawn status Lost status Not for loan Collection code Home library Current library Date acquired Source of acquisition Cost, normal purchase price Full call number Barcode Copy number Cost, replacement price Koha item type
    Not For Loan Non-fiction D.B.Act.Division D.B.Act.Division 19/09/2016 DBAD/PUB 895.00 921 PAT EN-99542 1 895.00 English Books

© Delhi Public Library
Hit Counter
free hit counter